[Event "Istanbul Bagcilar op"]
[Site "Istanbul"]
[Date "2023.09.03"]
[Round "1"]
[White "Bucak, Mehmet"]
[Black "Kaya, Serkan"]
[Result "0-1"]
[WhiteElo "1470"]
[BlackElo "1597"]
[PlyCount "50"]
[EventDate "2023.09.03"]
[EventType "swiss"]
[EventRounds "9"]
[EventCountry "TUR"]
[SourceTitle "EXT 2024"]
[Source "ChessBase"]
[SourceDate "2023.10.10"]
[SourceVersion "1"]
[SourceVersionDate "2023.10.10"]
[SourceQuality "1"]

1. c4 Nf6 2. Nf3 e6 3. d4 Bb4+ 4. Bd2 Be7 5. Nc3 d5 6. e3 b6 7. Bd3 Bb7 8. 0-0 dxc4 9. Bxc4 Nbd7 10. Qc2 c5 11. e4 cxd4 12. Nxd4 0-0 13. Nf3 Rc8 14. Bd3 Nc5 15. e5 Qxd3 16. Qxd3 Nxd3 17. exf6 Bxf6 18. Nb5 Bxb2 19. Rab1 Rc2 20. Be3 Bxf3 21. gxf3 a6 22. Rfd1 Ne5 23. f4 Nf3+ 24. Kg2 Nh4+ 25. Kh3 Nf5 0-1